European Microstates - Statistics

General Stats
  • This quiz has been taken 41 times
  • The average score is 6 of 6
Answer Stats
European Country % Correct
Liechtenstein
100%
San Marino
100%
Vatican City
100%
Andorra
97%
Monaco
89%
Malta
83%
No matching quizzes found
Score Distribution
Percent of People with Each Score
Percentile by Number Answered
Your Score History
You have not taken this quiz